All eyes on Israel

محفوظ في:
التفاصيل البيبلوغرافية
المؤلف الرئيسي: Anderson, Roy Allan
مؤلفون آخرون: Hoffman, Jay Milton
التنسيق: كتاب
اللغة:الإنجليزية
منشور في: Fort Worth Harvest Press c1975
الموضوعات:
الوسوم: إضافة وسم
لا توجد وسوم, كن أول من يضع وسما على هذه التسجيلة!

MARC

LEADER 00000nam a22000005a 4500
003 CL-ChBUA
005 20120815091646.0
008 091117s1975 xxu||||| |||| 000 ||eng
020 |a 0930718151 
040 |a CL-ChBUA  |c CL-ChBUA 
082 0 0 |a 296 
090 |c 26974  |d 26974 
100 1 |a Anderson, Roy Allan 
245 1 0 |a All eyes on Israel 
260 |a Fort Worth  |b Harvest Press  |c c1975 
300 |a 285 p.  |c 19 cm. 
504 |a índice 
650 4 |a ISRAEL - HISTORIA 
700 1 |a Hoffman, Jay Milton 
942 |c LIB 
952 |0 0  |1 0  |2 ddc  |4 0  |6 296_AN_545000000000000_PASIVA  |7 0  |9 63326  |a UNACH  |b UNACH  |c 200  |d 2009-11-17  |i 45.858  |l 0  |o 296 / An 545 (PASIVA)  |p 64461  |r 2012-12-27 00:00:00  |w 2012-08-08  |y LIB 
999 |c 26974  |d 26974